Catalog

Record Details

Catalog Search



Here comes Doctor Hippo  Cover Image Book Book

Here comes Doctor Hippo / Jonathan London ; illustrated by Gilles Eduar.

London, Jonathan, 1947- (Author). Eduar, Gilles. (Added Author).

Summary:

While playing doctor, Hippo visits the other animals until he gets scared and runs home to Doctor Mommy.

Record details

  • ISBN: 9781590788516
  • ISBN: 1590788516
  • ISBN: 9781620915950 (paperback)
  • ISBN: 1620915952 (paperback)
  • Physical Description: [32] pages : color illustrations ; 23 x 24 cm.
  • Edition: 1st ed.
  • Publisher: Honesdale, Pa. : Boyds Mills Press, c2012.
Subject: Hippopotamus > Juvenile fiction.
Physicians > Juvenile fiction.
Imagination > Juvenile fiction.

Available copies

  • 1 of 1 copy available at scottsboropl.

Holds

  • 0 current holds with 1 total copy.
Show Only Available Copies
Location Call Number / Copy Notes Barcode Shelving Location Status Due Date
scottsboropl E Lon 32269000956329 Juvenile - Easy Available -

LDR 01524nam a2200385Ia 4500
001138754
003CONS
00520150324133719.0
008111009s2012 paua j 000 1 eng d
010 . ‡a 2011940122
020 . ‡a9781590788516
020 . ‡a1590788516
020 . ‡a9781620915950 (paperback)
020 . ‡a1620915952 (paperback)
035 . ‡a(CPomAG)LMN587727
05014. ‡aF ‡bLondon Jonathan
050 4. ‡aPZ7.L8432 ‡bHe 2012
08204. ‡a[E] ‡223
1001 . ‡aLondon, Jonathan, ‡d1947-
24510. ‡aHere comes Doctor Hippo / ‡cJonathan London ; illustrated by Gilles Eduar.
2463 . ‡aHere comes Dr. Hippo
250 . ‡a1st ed.
260 . ‡aHonesdale, Pa. : ‡bBoyds Mills Press, ‡cc2012.
300 . ‡a[32] pages : ‡bcolor illustrations ; ‡c23 x 24 cm.
4901 . ‡aLittle hippo story
520 . ‡aWhile playing doctor, Hippo visits the other animals until he gets scared and runs home to Doctor Mommy.
650 0. ‡aHippopotamus ‡vJuvenile fiction.
650 0. ‡aPhysicians ‡vJuvenile fiction.
650 0. ‡aImagination ‡vJuvenile fiction.
7001 . ‡aEduar, Gilles.
8001 . ‡aLondon, Jonathan, ‡d1947- ‡tLittle hippo story.
85642. ‡3Contributor biographical information ‡uhttp://catdir.loc.gov/catdir/enhancements/fy1402/2011940122-b.html
85642. ‡3Publisher description ‡uhttp://catdir.loc.gov/catdir/enhancements/fy1402/2011940122-d.html
959 . ‡i32269000956329 ‡lE Lon ‡aJuvenile - Easy ‡tEasy ‡g18.00
852 . ‡p32269000956329 ‡jE Lon ‡gJuvenile - Easy ‡cEasy ‡y18.00 ‡bSBPL
901 . ‡a138754 ‡bUnknown ‡c138754 ‡tbiblio

Additional Resources